Mario Scelba - Statistics

Statistiche generali
  • Questo quiz è stato fatto 4 volte
  • Il punteggio medio è 5 su 8
Statistiche sulle risposte
Anni Carica ricoperta % Corretto
1946-1968 Deputato
100%
1968-1983 Senatore
100%
1947-1953 Ministro dell'interno
67%
1954-1955 Ministro dell'interno
67%
1960-1962 Ministro dell'interno
67%
1954-1955 Presidente del consiglio dei ministri
67%
1945-1947 Ministro delle comunicazioni
33%
1969-1971 Presidente del Parlamento europeo
33%
Nessun quiz corrispondente trovato
Distribuzione punteggi
Percentuale di utenti per punteggio
Percentile per numero di risposta
I tuoi punteggi nel tempo
Non hai fatto questo quiz